00614ata a2200205 450000500170000000800410001702000180005804100080007608200170008410000320010124500840013325000160021726000340023330000180026765000150028565000260030065000280032665000210035465000330037520160928190632.0150701b xxu||||| |||| 00| 0 spa d a9789930945636 aspa a398.9 A663d3 aArauz Ramos, Carlos Enrique aDichos y refranes costarricenses: frases y expresiones de nuestra habla popular a3 edición aCosta RicabC. Arauz R.c2013 a120 páginas aCOSTA RICA aDICHOS COSTARRICENSES aREFRANES COSTARRICENSES aCULTURA POPULAR  aHABLA POPULAR COSTARRICENSE